Online katalóg knižníc regiónu Turca

Zažeň tiene noci (Record no. 21991)

MARC details
000 -LEADER
fixed length control field 01619cam a2200457 a 4500
001 - CONTROL NUMBER
control field 21991
003 - CONTROL NUMBER IDENTIFIER
control field VRT
005 - DATE AND TIME OF LATEST TRANSACTION
control field 20260317102836.0
008 - FIXED-LENGTH DATA ELEMENTS--GENERAL INFORMATION
fixed length control field 240226s2003 xo gr 000 f slo
015 ## - NATIONAL BIBLIOGRAPHY NUMBER
National bibliography number SNBA2004/02-00890
020 ## - INTERNATIONAL STANDARD BOOK NUMBER
International Standard Book Number 8055106339
035 ## - SYSTEM CONTROL NUMBER
System control number SNK000420805
035 ## - SYSTEM CONTROL NUMBER
System control number urn:nbn:sk:snk-am3j1v3
035 ## - SYSTEM CONTROL NUMBER
System control number B3BC880F-0527-4821-8623-6F892D3B802E
035 ## - SYSTEM CONTROL NUMBER
System control number urn:nbn:sk:snk-am00gkii
039 #9 - LEVEL OF BIBLIOGRAPHIC CONTROL AND CODING DETAIL [OBSOLETE]
Level of rules in bibliographic description 202402262155
Level of effort used to assign nonsubject heading access points VLOAD
Level of effort used to assign subject headings 202205091521
Level of effort used to assign classification VLOAD
Level of effort used to assign subject headings 202204221224
Level of effort used to assign classification VLOAD
Level of effort used to assign subject headings 202106141457
Level of effort used to assign classification AUTHORITY
040 ## - CATALOGING SOURCE
Original cataloging agency SNK
Language of cataloging slo
Transcribing agency SNK
Description conventions AACR2
041 1# - LANGUAGE CODE
Language code of text/sound track or separate title slo
Language code of original eng
044 ## - COUNTRY OF PUBLISHING/PRODUCING ENTITY CODE
MARC country code xo
ISO country code SK
072 #7 - SUBJECT CATEGORY CODE
Subject category code 821.111(73)-3
Subject category code subdivision Americká próza
Source konspekt
080 ## - UNIVERSAL DECIMAL CLASSIFICATION NUMBER
Universal Decimal Classification number 821.111(73)-31
Edition identifier 2011
080 ## - UNIVERSAL DECIMAL CLASSIFICATION NUMBER
Universal Decimal Classification number (0:82-311.3)
Edition identifier 2011
080 ## - UNIVERSAL DECIMAL CLASSIFICATION NUMBER
Universal Decimal Classification number (0:82-312.5)
Edition identifier 2011
100 1# - MAIN ENTRY--PERSONAL NAME
Personal name Drake, Shannon,
Dates associated with a name 1953-
Relationship aut
240 10 - UNIFORM TITLE
Uniform title Conquer the night
Language of a work Slovensky
245 10 - TITLE STATEMENT
Title Zažeň tiene noci
Statement of responsibility, etc. Shannon Drakeová ; z anglického originálu preložila Judita Schromová
250 ## - EDITION STATEMENT
Edition statement 1. vydanie
260 ## - PUBLICATION, DISTRIBUTION, ETC.
Place of publication, distribution, etc. Bratislava
Name of publisher, distributor, etc. Ikar
Date of publication, distribution, etc. 2003
300 ## - PHYSICAL DESCRIPTION
Extent 318 strán
Dimensions 21 cm
655 #7 - INDEX TERM--GENRE/FORM
Genre/form data or focus term americké romány
Source of term SNKPH
655 #7 - INDEX TERM--GENRE/FORM
Genre/form data or focus term ľúbostné romány
Source of term SNKPH
655 #7 - INDEX TERM--GENRE/FORM
Genre/form data or focus term dobrodružné romány
Source of term SNKPH
700 1# - ADDED ENTRY--PERSONAL NAME
Personal name Schromová, Judita
Relationship trl
910 ## - USER-OPTION DATA (OCLC)
User-option data snk
942 ## - ADDED ENTRY ELEMENTS (KOHA)
Source of classification or shelving scheme Dewey Decimal Classification
Koha item type Krásna literatúra pre dospelých
Suppress in OPAC No
949 ## - LOCAL PROCESSING INFORMATION (OCLC)
6 17A0405511
9 P60, <03>, [BOOK], {603}
a snkSC 113115
b snkKSP 15993/2003
s 6100:20210507
949 ## - LOCAL PROCESSING INFORMATION (OCLC)
6 17A0408364
9 P60, <05>, [BOOK], {605}
a snkSC 113115 D1
b snkKSP 117/2004
949 ## - LOCAL PROCESSING INFORMATION (OCLC)
6 2889120056
a savukPV 6522
949 ## - LOCAL PROCESSING INFORMATION (OCLC)
6 270001000237902
a svkbbA 109246
b svkbbm 654594
p 654.594
949 ## - LOCAL PROCESSING INFORMATION (OCLC)
6 273K0096056
a svkpoA 188564
b svkpo471641
Holdings
Stav vyradenia Strata Poškodenie Spôsob nadobudnutia Domovská knižnica Aktuálna knižnica Dátum nadobudnutia Total checkouts Čiarový kód exemplára Date last seen Typ exemplára
      Dar Obecná knižnica Horná Štubňa Obecná knižnica Horná Štubňa 19.03.2026   9788055106335 19.03.2026 Krásna literatúra pre dospelých
      Dar Obecná knižnica Turčianska Štiavnička Obecná knižnica Turčianska Štiavnička 17.03.2026   4738000474 17.03.2026 Krásna literatúra pre dospelých
Projekt je podporený Slovenskou asociáciou knižníc
Prevádzkuje Turčianska knižnica Martin 2026